iTENDER na internete ušetrí čas i peniaze
Verejné obstarávanie produktov a služieb pomocou internetu. Elektronická komunikácia medzi zadávateľmi obstarávaní a dodávateľmi. Elektronická registrácia a overenie všetkých údajov ako základ pre vybudovanie dôveryhodného systému. Dôležitý faktor virtuálnych tendrov - cena. Tri možnosti obstarávani...
Enregistré dans:
| Auteur principal: | |
|---|---|
| Format: | Chapitre de livre |
| Langue: | slovaque |
| Sujets: | |
| Tags: |
Pas de tags, Soyez le premier à ajouter un tag!
|
MARC
| LEADER | 00000naa$a2200000$$$4500 | ||
|---|---|---|---|
| 001 | 0022890 | ||
| 005 | 20230926070655.9 | ||
| 041 | 0 | |a slo | |
| 044 | |a SK | ||
| 245 | 1 | 0 | |a iTENDER na internete ušetrí čas i peniaze |c Milan Gigel |
| 520 | |a Verejné obstarávanie produktov a služieb pomocou internetu. Elektronická komunikácia medzi zadávateľmi obstarávaní a dodávateľmi. Elektronická registrácia a overenie všetkých údajov ako základ pre vybudovanie dôveryhodného systému. Dôležitý faktor virtuálnych tendrov - cena. Tri možnosti obstarávania: analógia uzavretých obálok, anonymná aukcia a transparentná anonymná aukcia. iTender v súlade so základnými princípmi legislatívy. Šetrenie s časom a nákladmi na obstarávanie. | ||
| 610 | 2 | 0 | |a obstarávanie verejné |
| 610 | 2 | 0 | |a produkty |
| 610 | 2 | 0 | |a služby |
| 610 | 2 | 0 | |a ceny |
| 610 | 2 | 0 | |a náklady |
| 610 | 2 | 0 | |a internet |
| 610 | 2 | 0 | |a technológie komunikačné |
| 610 | 2 | 0 | |a dodávatelia |
| 610 | 2 | 0 | |a odberatelia |
| 100 | 1 | |a Gigel, Milan | |